Ten steps for church growth / (Record no. 3250)
[ view plain ]
| 000 -LEADER | |
|---|---|
| fixed length control field | 00792cam a2200253 i 4500 |
| 001 - CONTROL NUMBER | |
| control field | 3654189 |
| 003 - CONTROL NUMBER IDENTIFIER | |
| control field | GBCCL |
| 005 - DATE AND TIME OF LATEST TRANSACTION | |
| control field | 20241126110450.0 |
| 008 - FIXED-LENGTH DATA ELEMENTS--GENERAL INFORMATION | |
| fixed length control field | 770613s1977 cau 000 0 eng |
| 010 ## - | |
| -- | 76062950 |
| 020 ## - INTERNATIONAL STANDARD BOOK NUMBER | |
| International Standard Book Number | 0060653515 : |
| Terms of availability | $6.95. |
| International Standard Book Number | 0060653523 |
| Terms of availability | $2.95 |
| 040 ## - CATALOGING SOURCE | |
| Original cataloging agency | DLC |
| Transcribing agency | DLC |
| Modifying agency | DLC |
| 050 00 - | |
| -- | BV652.25 |
| -- | .M29 1977 |
| 082 00 - DEWEY DECIMAL CLASSIFICATION NUMBER | |
| Classification number | 254.5 |
| Item number | MCG |
| 100 1# - MAIN ENTRY--PERSONAL NAME | |
| Personal name | McGavran, Donald A. |
| Fuller form of name | (Donald Anderson), |
| Dates associated with a name | 1897-1990. |
| 9 (RLIN) | 2848 |
| 245 10 - TITLE STATEMENT | |
| Title | Ten steps for church growth / |
| Statement of responsibility, etc. | Donald A. McGavran and Winfield C. Arn. |
| 250 ## - EDITION STATEMENT | |
| Edition statement | 1st ed. |
| 260 ## - PUBLICATION, DISTRIBUTION, ETC. | |
| Place of publication, distribution, etc. | San Francisco : |
| Name of publisher, distributor, etc. | Harper & Row, |
| Date of publication, distribution, etc. | c1977. |
| 300 ## - PHYSICAL DESCRIPTION | |
| Extent | 133 p. ; |
| Dimensions | 21 cm. |
| 650 #0 - SUBJECT ADDED ENTRY--TOPICAL TERM | |
| Topical term or geographic name entry element | Church growth. |
| 9 (RLIN) | 291 |
| 700 1# - ADDED ENTRY--PERSONAL NAME | |
| Personal name | Arn, Win, |
| Relator term | joint author. |
| 9 (RLIN) | 6689 |
| 906 ## - LOCAL DATA ELEMENT F, LDF (RLIN) | |
| a | 7 |
| b | cbc |
| c | orignew |
| d | 1 |
| e | opcn |
| f | 19 |
| g | y-gencatlg |
| 942 ## - ADDED ENTRY ELEMENTS (KOHA) | |
| Source of classification or shelving scheme | Dewey Decimal Classification |
| Koha item type | Books |
| Koha issues (borrowed), all copies | 17 |
| Withdrawn status | Lost status | Source of classification or shelving scheme | Damaged status | Not for loan | Home library | Current Library | Shelving location | Date acquired | Total checkouts | Total renewals | Full call number | Barcode | Date last seen | Date last checked out | Copy number | Price effective from | Koha item type |
|---|---|---|---|---|---|---|---|---|---|---|---|---|---|---|---|---|---|
| Dewey Decimal Classification | GRACE BIBLE COLLEGE | GRACE BIBLE COLLEGE | Ministry & Mission | 2017-11-22 | 11 | 2 | 254.5 MCG | 006660 | 2025-05-01 | 2024-02-17 | c.1 | 2017-11-22 | Books | ||||
| Dewey Decimal Classification | GRACE BIBLE COLLEGE | GRACE BIBLE COLLEGE | Ministry & Mission | 2017-11-22 | 7 | 254.5 MCG | 006661 | 2025-05-01 | 2024-12-05 | c.2 | 2017-11-22 | Books |